Herbert Ligi kui teadlane

Titel: Herbert Ligi kui teadlane
Verfasser:
In: Õpetatud Eesti Selts: Õpetatud Eesti Seltsi aastaraamat, (1988), Seite 115-116
alle Artikel anzeigen
Veröffentlicht: 1988-1993 [1995]
Format: Aufsatz
Sprache: Estnisch
Kein Bild verfügbar
X
alg: 39288338
001A    $01999:11-11-16 
001B    $01999:22-05-21 $t21:50:21.000 
001C    $06050:19-11-16 $t09:18:45.000 
001D    $01999:11-11-16 
001U    $0utf8 
001X    $00 
002@    $0Aox 
003@    $0392883384 
007A    $0392883384 $aHEB 
007T    $0Herde05804 
010@    $aest 
011@    $a1988 $b1993 $n1988-1993 [1995] 
021A    $aHerbert Ligi kui teadlane 
027A    $aHerbert Ligi als Wissenschaftler 
028A    $aLinnus $dJüri 
031A    $h115-116 $j1988 
039B    $aIn $8--Abvc--Õpetatud Eesti Selts [Tb1]. Õpetatud Eesti Seltsi aastaraamat. - Tartu : Mattiesen, 1938-. - ISSN 1406-8486 $x198800000000000885 $9047885599 
045F    $a929.094798 $eDDC23BSB 
045F/01 $a929 
045F/03 $g4798 
045T    $a7,53 $a9,10 
046C    $aHerbert Ligi als Wissenschaftler $bÜbers. des Hauptsacht. 

lok: 39288338 78

exp: 39288338 78 1 #EPN
201B/01 $019-04-17 $t11:39:37.000 
201U/01 $0utf8 
203@/01 $0788993658 
208@/01 $a11-11-16 $be 
209A/01 $a/ $f000 $x00 
220C/01 $aTitelaufnehmer: pk 
220C/01 $aHerkunft: Baltische Bibliographie / P. Kaegbein 
237A/01 $aweiterführende Signatur(en): HI: 47 XV BZ 3/1 
244Z/01 $2Trx $#Estija $#Igaunija $#Estland $#Estonia $#Estonia $#Estónsko $#Estonsko $8--Trx--Eesti $x01 $9391237225 
244Z/01 $2Trx $8--Trx--Ligi, Herbert$Z1928-1990 $x02 $9391112724 
244Z/01 $2Trx $#ajaloolased $#istorikai $#historians $#történészek $#historycy $#historici $#historici $8--Trx--Historiker $x03 $9391373544 
244Z/01 $2Trx $8--Trx--Zeitschriftenaufsatz $x04 $9391384341 
245Z/01 $a12.03 $x01 
247C/01 $82080>Marburg/Lahn, Herder-Institut, Forschungsbibliothek, Bibliographieportal $9336309341
LEADER 00000caa a22000002c 4500
001 392883384
003 DE-603
005 20210522215021.0
007 tu
008 161111s19881993xx |||| | u00||u|est c
035 |a (DE-599)HEB392883384 
040 |a DE-603  |b ger  |c DE-603  |d DE-603 
041 |a est 
082 0 4 |8 1\u  |a 929.094798  |q DE-101  |2 23/BSB 
084 |a 7,53  |a 9,10  |2 ssgn 
085 |8 1\u  |b 929 
085 |8 1\u  |z 2  |s 4798 
100 1 |a Linnus, Jüri 
245 0 0 |a Herbert Ligi kui teadlane 
246 1 |i Übers. des Hauptsacht.  |a Herbert Ligi als Wissenschaftler 
246 1 3 |a Herbert Ligi als Wissenschaftler 
264 0 |c 1988-1993 [1995] 
773 0 8 |i In  |a Õpetatud Eesti Selts  |t Õpetatud Eesti Seltsi aastaraamat  |d Tartu : Mattiesen, 1938-  |x 1406-8486  |g (1988), Seite 115-116  |w (DE-603)047885599  |w (DE-600)570191-0 
924 0 |9 2080  |a (DE-603)788993658  |b DE-2080  |c HES  |d d  |g /